Writer's & Artists' Yearbook 1982 / (Record no. 190887)
[ view plain ]
| 000 -LEADER | |
|---|---|
| fixed length control field | 00683 a2200169 4500 |
| 003 - CONTROL NUMBER IDENTIFIER | |
| control field | Nust |
| 005 - DATE AND TIME OF LATEST TRANSACTION | |
| control field | 20230131110903.0 |
| 020 ## - INTERNATIONAL STANDARD BOOK NUMBER | |
| International Standard Book Number | 0713621788 |
| 040 ## - CATALOGING SOURCE | |
| Transcribing agency | Nust |
| 082 ## - DEWEY DECIMAL CLASSIFICATION NUMBER | |
| Classification number | 808.82,WRI |
| 245 ## - TITLE STATEMENT | |
| Title | Writer's & Artists' Yearbook 1982 / |
| 260 ## - PUBLICATION, DISTRIBUTION, ETC. | |
| Place of publication, distribution, etc. | London |
| Name of publisher, distributor, etc. | Adam & Charles Black |
| Date of publication, distribution, etc. | 1982 |
| 300 ## - PHYSICAL DESCRIPTION | |
| Extent | 552 p |
| 505 ## - FORMATTED CONTENTS NOTE | |
| Formatted contents note | Writing for Newspapers , Magazines Etc (Page-9), UK (Page-10), UK Magazine (Page-94), Africa (Page-96), Australia (Page-98), Canada (Page-105), India (Page-109), Ireland (Page-111), New Zealand (Page-114), South Africa (Page-116), USA (Page-120), Markets for Verse (Page-130). |
| 650 ## - SUBJECT ADDED ENTRY--TOPICAL TERM | |
| Topical term or geographic name entry element | Literature-Directories |
| 9 (RLIN) | 108192 |
| 942 ## - ADDED ENTRY ELEMENTS (KOHA) | |
| Source of classification or shelving scheme | |
| Koha item type | Book |
| Call number prefix | 808.82,WRI |
| Withdrawn status | Lost status | Source of classification or shelving scheme | Damaged status | Not for loan | Permanent Location | Current Location | Shelving location | Date acquired | Full call number | Barcode | Date last seen | Price effective from | Koha item type | Public note |
|---|---|---|---|---|---|---|---|---|---|---|---|---|---|---|
| Military College of Signals (MCS) | Military College of Signals (MCS) | General Stacks | 12/12/2016 | 800.05,WRI | MCS3474 | 12/08/2016 | 12/12/2016 | Book | Almirah No. 56, Shelf No.1 |
